000 00656nam a2200277Ia 4500
005 20260324142903.0
008 008 260324s9999 xx 000 0 eng d
020 _a9781315806945
037 _aEBOOK
040 _aCRL
040 _beng
040 _cCRL
041 _2eng
041 _aeng
084 _qCRL
100 _aJack Demick; Krisanne Bursik; Rosemarie DiBiase
_91213596
245 0 _aParental Development
260 _bTaylor and Francis
260 _c1993
365 _a
365 _b230
856 _uhttp://www.taylorfrancis.com/books/9781315806945
942 _cEBOOK
999 _c1818343
_d1818343